German States Flags (+Twist) - Sudden Death #2 - Statistics

General Stats
  • This quiz has been taken 13 times
  • The average score is 2 of 9
Answers on the Grid
Answers color-coded by a green-red scale on the quiz's grid according to % correct below.
Baden-Württemberg
Bavaria
Berlin
Brandenburg
Bremen
Hamburg
Hesse
Lower Saxony
Mecklenburg-Western Pomerania
North Rhine-Westphalia
Rhineland-Palatinate
Saarland
Saxony
Saxony-Anhalt
Schleswig-Holstein
Thuringia
 
Answer Stats
Answer % Correct
Bavaria
100%
Baden-Württemberg
50%
Bremen
50%
Hesse
0%
Mecklenburg-Western Pomerania
0%
North Rhine-Westphalia
0%
Saxony
0%
Schleswig-Holstein
0%
Thuringia
0%
No matching quizzes found
Score Distribution
Percent of People with Each Score
Percentile by Number Answered
Your Score History
You have not taken this quiz